Vista normal Vista MARC

Entrada Personal Name

Número de registros utilizados en: 1

001 - CONTROL NUMBER

  • control field: 61471

003 - CONTROL NUMBER IDENTIFIER

  • control field: OSt

005 - DATE AND TIME OF LATEST TRANSACTION

  • control field: 20250730094430.0

008 - FIXED-LENGTH DATA ELEMENTS

  • fixed length control field: 250730|| aca||aabn | a|a d

040 ## - CATALOGING SOURCE

  • Original cataloging agency: OSt
  • Transcribing agency: OSt

100 ## - HEADING--PERSONAL NAME

  • Personal name: Dürer, Albrecht
  • Dates associated with a name: 1471-1528

670 ## - SOURCE DATA FOUND

  • Source citation: Work cat.: (OSt)57742: Hoffmann, Ernst T. A. 1776-1822 61470, El tonelero de Nuremberg









Instituto Departamental de Cultura del Meta - Red Departamental de Bibliotecas Públicas del Meta.